000 00589nam a22001697a 4500
999 _c20107
_d20107
005 20200104041802.0
008 180313b xxu||||| |||| 00| 0 spa d
040 _aCO-BoIAVH
_cCO-BoIAVH
041 _aspa
044 _ack
090 _aFH
_b0076
110 _aInstituto de Investigación de Recursos Biológicos Alexander von Humboldt
245 _aLas comunidades indígenas y el plan de acción regional en biodiversidad
260 _aBogotá:
_bInstituto de Investigación de Recursos Biológicos Alexander von Humboldt,
_cs. f.
300 _a5 páginas
942 _2z
_cFolleto